Eventos de atletismo - Estadísticas

Estadísticas generales
  • Esta prueba ha sido intentada 2.254 veces
  • La puntuación promedio es 16 de 26
Estadísticas de respuestas
Event % Correcto
100 m
98%
200 m
96%
400 m
93%
800 m
84%
Lanzamiento de jabalina
81%
10 000 m
79%
5000 m
79%
1500 m
75%
Salto de altura
72%
Salto de longitud
72%
Lanzamiento de disco
70%
Maratón
70%
Lanzamiento de martillo
66%
Triple salto
65%
Salto con pértiga
62%
Lanzamiento de peso
58%
20 km marcha
53%
3000 m obstáculos
52%
4 x 100 m revelos
49%
100 m vallas
48%
110 m vallas
42%
4 x 400 m revelos
42%
400 m vallas
40%
Decatlón
40%
Heptatlón
30%
Marcha mixta (relevos)
19%
No se encontraron pruebas coincidentes
Distribución de puntuación
Porcentaje de gente con cada puntuación
Porcentaje por número respondido
Historial de tus puntuaciones
No has intentado esta prueba.